000 00389nam a2200157Ia 4500
008 230917s9999||||xx |||||||||||||| ||und||
040 _e81463
_aMAIN
041 _aEnglish
082 _a346.0433 M698C
100 _aMallick, M R
245 0 _aMitra's co-ownership and partition
250 _a5th ed.
260 _aCalcutta
_bEastern Law House
_c1979
300 _a488 p.
942 _cBK
999 _c202345
_d202345